Cáhuiles
Αποθηκεύτηκε σε:
| Κύριοι συγγραφείς: | , |
|---|---|
| Μορφή: | Βιβλίο |
| Γλώσσα: | Ισπανικά |
| Έκδοση: |
Santiago
Aula Editores
2011
|
| Έκδοση: | 1a. ed |
| Σειρά: | Colección ¡No al Bullying!
|
| Θέματα: | |
| Ετικέτες: |
Προσθήκη ετικέτας
Δεν υπάρχουν, Καταχωρήστε ετικέτα πρώτοι!
|
MARC
| LEADER | 00000cam a2200000 a 4500 | ||
|---|---|---|---|
| 001 | UCF7606 | ||
| 003 | CL-VaPUC | ||
| 008 | 130627e20110000CL |||||||||||||||||spa|d | ||
| 020 | |a 9789569051043 | ||
| 082 | 0 | 4 | |a 371.782 |b ROJ |2 21 |
| 100 | 0 | |a Rojas Avilés, Mario |e author |9 569669 | |
| 700 | 0 | |a Scheihing V., Oscar |e author |9 569670 | |
| 245 | 1 | 0 | |a Cáhuiles |
| 250 | |a 1a. ed | ||
| 300 | |a 31 p | ||
| 942 | |c BK | ||
| 945 | |d 20130627 00:00:00 |a dcastane | ||
| 260 | |a Santiago |b Aula Editores |c 2011 | ||
| 650 | 7 | |a BULLYING |2 CL-VaPUC |9 525095 | |
| 650 | 0 | |a Violencia escolar |9 453211 | |
| 650 | 0 | |a Convivencia escolar |9 519500 | |
| 583 | |a last modification |c 20130627 13:18:00 |k Rodrigo Vera | ||
| 490 | 0 | |a Colección ¡No al Bullying! | |
| 999 | |c 352415 |d 352413 | ||